000 01512cam a2200265 4500
001 ABS67286
008 031125n2003 000 0 eng u
035 _a(Sirsi) u124459
245 _aTransco plc (formerly BG plc and BG Transco plc) (Appellants) v Stockport MBC (Respondants)
260 _c2003
490 _aWeekly Law Reports
_v[2003] 3 WLR 1467-1504(37)
520 _a[2003] UKHL 61, 19 November 2003. HL upheld the CA decision ([2001] EWCA Civ 212, [2001] Env LR 763) that S was not liable for the cost of remedial work needed when a leak from a water main caused an embankment protecting and supporting T's gas main to collapse on the grounds that the piping of a water supply on S's land was an ordinary use of its land within the principles of "Rylands v Fletcher" [1868] LR 3 HL 330. The HL reviewed scope and application of "Rylands v Fletcher" concluding that the strict liability rule should not disregarded in favour of a fault based rule. Appeal dismissed. View judgment at www.parliament.the-stationery-office.co.uk.
590 _aABS
650 _aTRANSCO PLC V STOCKPORT MBC
650 _aSTRICT LIABILITY
650 _aRYLANDS V FLETCHER
650 _aWATER PIPES
650 _aEASEMENTS
650 _aLEAKAGE
650 _aNUISANCE
650 _aNEGLIGENCE
690 _aPROPERTY AND LAND LAW-CASE LAW
856 _uhttps://www.parliament.the-stationery-office.co.uk/pa/ld200203/ldjudgmt/jd031119/trans-1.htm
_zView judgment on the UK Parliament website...
942 _n0
999 _c73848
_d73848